[Event "29th European Blitz"]
[Site "Warsaw POL"]
[Date "2010.12.17"]
[Round "8"]
[White "Jobava,Ba"]
[Black "Polgar,Ju"]
[Result "1-0"]
[WhiteElo "2707"]
[BlackElo "2686"]

1.e4 c5 2.Ne2 Nc6 3.Nbc3 e6 4.g3 Nge7 5.Bg2 d5 6.exd5 Nxd5 7.Nxd5 exd5 8.O-O Be7
9.Nf4 d4 10.Nd5 Bd6 11.Re1+ Be6 12.d3 O-O 13.Qh5 g6 14.Qg5 f6 15.Qh6 Qd7
16.Bf4 Rae8 17.Bxd6 Qxd6 18.Qf4 Qxf4 19.Nxf4 Bd7 20.Bd5+ Kh8 21.Bxc6 bxc6
22.f3 g5 23.Nh5 f5 24.Kf2 Be6 25.b3 Bf7 26.Nf6 Rd8 27.Re7 Bg6 28.Nd7 Rf7
29.Rxf7 Bxf7 30.Nxc5 Rd5 31.b4 Rd6 32.a3 Rh6 33.Kg1 Bd5 34.Rf1 Kg7 35.f4 g4
36.Re1 Rf6 37.Re7+ Rf7 38.Rxf7+ Kxf7 39.Kf2 Ke7 40.Ke1 Kd6 41.Kd2 Kc7 42.Kc1 Kd6
43.Kb2 Bf7 44.Nb3 Kd5 45.c4+  1-0

[Event "29th European Blitz"]
[Site "Warsaw POL"]
[Date "2010.12.17"]
[Round "9"]
[White "Polgar,Ju"]
[Black "Wojtaszek,R"]
[Result "1/2-1/2"]
[WhiteElo "2686"]
[BlackElo "2726"]

1.e4 c5 2.Nf3 d6 3.d4 cxd4 4.Nxd4 Nf6 5.Nc3 a6 6.Be3 e5 7.Nf3 Be7 8.Bc4 O-O
9.O-O Nc6 10.a3 Be6 11.Qe2 Na5 12.Bxe6 fxe6 13.Rad1 Qc8 14.Nd2 b5 15.f4 exf4
16.Bxf4 Qc5+ 17.Be3 Qc6 18.Bd4 Rad8 19.Rf2 Nb7 20.Rdf1 Nc5 21.Kh1 Ncd7 22.h3 Ne5
23.Be3 Ng6 24.Bg5 h6 25.Be3 Kh7 26.Bd4 Ne5 27.Kg1 Qe8 28.Nf3 Nc6 29.Bb6 Rb8
30.Be3 Qh5 31.Qd1 a5 32.Qd3 Kg8 33.Ne2 Nd7 34.Nf4 Qf7 35.Qb3 Kh8 36.Qxe6 Qxe6
37.Nxe6 Rf6 38.Nf4 Bd8 39.Nd5 Re6 40.Nd2 Nf6 41.Nxf6 Bxf6 42.c3 b4 43.cxb4 axb4
44.axb4 Rxb4 45.b3 Bc3 46.Rc1 Bd4 47.Bxd4 Nxd4 48.Rc3 Re7 49.Rf8+ Kh7 50.Kf2 d5
51.Rf4 g5 52.Rg4 dxe4 53.Rxe4 Rxe4 54.Nxe4 Nxb3 55.Rc7+ Kg6 56.Rc6+ Kg7 57.Ng3 Rf4+
58.Ke3 Rf7 59.Rc3 Na5 60.Ke4 Nb7 61.Nf5+ Kg6 62.Rc6+ Rf6 63.Rxf6+ Kxf6 64.Nxh6 Nd6+
65.Kd5 Ne8 66.Ng4+ Kf5 67.g3 Ng7 68.Ne3+ Kg6 69.Ke5 Nh5 70.Nf5 Nf6 71.Nd6 Nh5
72.Ne4 Ng7 73.g4 Ne8 74.Nc5 Nc7 75.Nd7 Ne8 76.Nf8+ Kf7 77.Ne6 Kg6 78.Nd8 Nc7
79.Nc6 Nb5 80.Nd4 Nc3 81.Ke6 Ne4 82.Nf3 Nf2 83.Ng1 Nd3 84.Kd5 Nf4+ 85.Ke4 Ne6
86.Ke5 Nf4 87.h4 Nd3+ 88.Ke4 gxh4  1/2-1/2

[Event "29th European Blitz"]
[Site "Warsaw POL"]
[Date "2010.12.17"]
[Round "9"]
[White "Wojtaszek,R"]
[Black "Polgar,Ju"]
[Result "1-0"]
[WhiteElo "2726"]
[BlackElo "2686"]

1.d4 Nf6 2.c4 g6 3.g3 Bg7 4.Bg2 d5 5.cxd5 Nxd5 6.e4 Nb6 7.Ne2 O-O 8.O-O Na6
9.Nbc3 c5 10.d5 Nc4 11.b3 Nd6 12.Bb2 Nc7 13.Qd2 Rb8 14.Qe3 c4 15.Qxa7 Bg4
16.f3 Bd7 17.Qe3 b5 18.b4 e6 19.dxe6 Bxe6 20.Rad1 Qe7 21.a3 Rfd8 22.Rd2 Rd7
23.Rfd1 Rbd8 24.Nf4 Be5 25.Qc5 f6 26.Nfe2 Na6 27.Qe3 Nc8 28.f4 Bc7 29.Nxb5 Bb6
30.Bd4 Bg4 31.Bxb6 Nxb6 32.Rxd7 Rxd7 33.Rxd7 Qxd7 34.Nbc3 Bxe2 35.Nxe2 Qd1+
36.Kf2 Na4 37.Qd4 Qc2 38.e5 Nb2 39.Bd5+ Kf8 40.Qb6 Nd1+ 41.Ke1 Kg7 42.Qxf6+ Kh6
43.g4  1-0

[Event "29th European Blitz"]
[Site "Warsaw POL"]
[Date "2010.12.17"]
[Round "11"]
[White "Polgar,Ju"]
[Black "Mchedlishvili,M"]
[Result "1/2-1/2"]
[WhiteElo "2686"]
[BlackElo "2637"]

1.e4 c6 2.Nc3 d5 3.Nf3 a6 4.d3 Bg4 5.Be2 e6 6.Ne5 Bxe2 7.Qxe2 Nd7 8.Nf3 Ngf6
9.e5 Ng8 10.O-O Ne7 11.Bg5 Qc7 12.d4 c5 13.dxc5 Nc6 14.Rfe1 Bxc5 15.Bh4 O-O
16.Rad1 h6 17.Bg3 Ne7 18.h3 Ba7 19.Nb1 Qb6 20.c3 Nc5 21.Nd4 Ne4 22.Bf4 Ng6
23.Bh2 f6 24.exf6 Rxf6 25.f3 Ng5 26.Kh1 Re8 27.Bg1 Qc7 28.Bh2 Qf7 29.Nd2 e5
30.N4b3 e4 31.fxe4 dxe4 32.Rf1 Nf4 33.Bxf4 Rxf4 34.Rxf4 Qxf4 35.Rf1 Qg3 36.Nd4 Bb8
37.N2f3 Rf8 38.Qc4+ Kh8 39.Nf5 Qf4 40.Ne7 Qf6 41.Ng6+ Qxg6 42.Nxg5 Rxf1+
43.Qxf1 Qxg5 44.Qf8+ Kh7 45.Qxb8 Qc1+ 46.Kh2 Qxb2 47.Qe5 Qe2 48.Qf5+ Kg8
49.Qd5+ Kf8 50.Qf5+ Ke7 51.Qe5+ Kd8 52.Qd5+ Kc7 53.Qc5+ Kd7 54.Qd5+ Kc8 55.Qc5+ Kb8
56.Qd6+ Ka8 57.Qf8+ Ka7 58.Qc5+ Kb8 59.Qd6+ Kc8 60.Qc5+ Kd7 61.Qd5+  1/2-1/2

[Event "29th European Blitz"]
[Site "Warsaw POL"]
[Date "2010.12.17"]
[Round "11"]
[White "Moranda,W"]
[Black "Polgar,Ju"]
[Result "1-0"]
[WhiteElo "2578"]
[BlackElo "2686"]

1.d4 Nf6 2.c4 e6 3.Nf3 Bb4+ 4.Bd2 a5 5.g3 O-O 6.Bg2 d5 7.O-O b6 8.a3 Bd6
9.Nc3 Bb7 10.cxd5 exd5 11.Bg5 Nbd7 12.Rc1 h6 13.Bxf6 Nxf6 14.Nb5 Re8 15.Nxd6 Qxd6
16.e3 c5 17.dxc5 bxc5 18.Qc2 Rec8 19.Rfd1 Qb6 20.Nh4 a4 21.Nf5 Qe6 22.Bh3 Kh8
23.Bg2 Rc6 24.h3 Ne4 25.g4 Qe5 26.f4 Qe6 27.Bxe4 dxe4 28.Qc4 Rb6 29.Qxc5 Rxb2
30.Qd4 Qf6 31.Qxf6 gxf6 32.Rc7 Rf8 33.Nxh6 Kg7 34.Nf5+ Kg6 35.h4 Ba6 36.h5+ Kh7
37.Rdd7 Rb1+ 38.Kh2 Rb2+ 39.Kg3 Rb3 40.Rxf7+ Rxf7 41.Rxf7+ Kg8 42.Rxf6 Be2
43.h6 Rxa3 44.g5 Ra1 45.Ne7+  1-0

[Event "European Rapid Championship"]
[Site "Warsaw POL"]
[Date "2010.12.18"]
[Round "6"]
[White "Halkias,S"]
[Black "Polgar,Ju"]
[Result "1-0"]
[WhiteElo "2578"]
[BlackElo "2686"]

1.d4 Nf6 2.Nf3 e6 3.e3 b6 4.Bd3 Bb7 5.O-O c5 6.c4 Be7 7.Nc3 cxd4 8.exd4 d5
9.cxd5 Nxd5 10.Ne5 O-O 11.Qg4 Nf6 12.Qh4 Nc6 13.Bg5 g6 14.Ba6 h6 15.Bxh6 Nxe5
16.Bxb7 Nfg4 17.Qh3 Qxd4 18.Bxa8 Rxa8 19.Rad1 Qb4 20.Bc1 Bc5 21.Bd2 Rd8 22.Be3 Rxd1
23.Rxd1 Nxe3 24.Rd8+ Bf8 25.Qxe3 Nc6 26.Rc8 Ne7 27.Ra8 Qxb2 28.g3 Nf5 29.Qd3 Kg7
30.Ne4 Nd4 31.Rxa7 e5 32.Kg2 Qc1 33.Qc3 Qxc3 34.Nxc3 Bc5 35.Ne4 Ne6 36.Rb7 Bd4
37.Nd6 Nd8 38.Rd7 Nc6 39.Rxf7+ Kh6 40.Nf5+ gxf5 41.Rf6+ Kg5 42.Rxc6 e4 43.Kf1 Kg4
44.Ke2 Kh3 45.Rh6+ Kg4 46.h4 Kh3 47.Rh5  1-0

[Event "European Rapid Championship"]
[Site "Warsaw POL"]
[Date "2010.12.18"]
[Round "7"]
[White "Polgar,Ju"]
[Black "Bobula,M"]
[Result "1/2-1/2"]
[WhiteElo "2686"]
[BlackElo "2393"]

1.e4 e6 2.d4 d5 3.Nd2 Nf6 4.e5 Nfd7 5.Bd3 c5 6.c3 Nc6 7.Ne2 cxd4 8.cxd4 f6
9.exf6 Nxf6 10.O-O Bd6 11.Nf3 O-O 12.Bg5 Qb6 13.Rb1 Bd7 14.b4 a6 15.b5 axb5
16.Rxb5 Qc7 17.Qb1 Na5 18.Rb2 h6 19.Bd2 Bc6 20.Ne5 Nc4 21.Bxc4 dxc4 22.Nxc6 bxc6
23.h3 Rfb8 24.Rxb8+ Qxb8 25.Qc2 Qb5 26.Bf4 Bxf4 27.Nxf4 Qf5 28.Qd2 Nd5 29.Ne2 Qd3
30.Qb2 c3 31.Qb7 Rf8 32.Nc1 Qc4 33.Qd7 Nf4 34.Re1 Rf5 35.h4 Rf7 36.Qd6 c2
37.g3 Nd3 38.Nxd3 Qxd3 39.Qxc6 Qd2 40.Rf1 Rxf2 41.Qa8+ Kh7 42.Qe4+ Kg8 43.Qa8+ Kh7  1/2-1/2

[Event "European Rapid Championship"]
[Site "Warsaw POL"]
[Date "2010.12.19"]
[Round "11"]
[White "Polgar,Ju"]
[Black "Tazbir,M"]
[Result "1/2-1/2"]
[WhiteElo "2686"]
[BlackElo "2527"]

1.e4 d5 2.exd5 Nf6 3.d4 Nxd5 4.Nf3 g6 5.c4 Nb6 6.Nc3 Bg7 7.c5 Nd5 8.Bc4 c6
9.Qb3 O-O 10.O-O Nxc3 11.bxc3 b5 12.cxb6 axb6 13.Ng5 e6 14.Ne4 b5 15.Bd3 Qd5
16.Qc2 Nd7 17.a4 bxa4 18.Rxa4 Rxa4 19.Qxa4 Bb7 20.Be3 e5 21.c4 Qe6 22.c5 exd4
23.Bxd4 Ra8 24.Qb4 Bxd4 25.Qxd4 Qd5 26.Qc3 Ra4 27.Rb1 Ba6 28.Rb8+ Nxb8 29.Nf6+ Kf8
30.Nxd5 cxd5 31.Bc2 Rc4 32.Qh8+ Ke7 33.Qe5+ Kd7 34.Qxd5+ Kc7 35.Qd6+ Kc8
36.Qf8+ Kc7 37.Qd6+ Kc8 38.Qd2 Rxc5 39.h4 Nd7 40.Bb3 Bc4 41.Bxc4 Rxc4 42.Qd5 Rf4
43.Qa8+ Kc7 44.Qa5+ Kc6 45.Qc3+ Kd5 46.Qd2+ Rd4 47.Qa2+ Rc4 48.g3 h5 49.Kg2 Ne5
50.f3 Kd4 51.Qd2+ Nd3 52.Kh3 Rb4 53.Qg5 Rb2 54.g4 hxg4+ 55.Qxg4+ Ke3 56.Qe4+ Kd2
57.Kg3 Rb5 58.Qc4 Rf5 59.Qa2+ Ke3 60.Qa7+ Ke2 61.Qe7+ Kd2 62.Qe4 Ne5 63.Qb4+ Kc2
64.Qa4+ Kd2 65.Qa2+ Kc3 66.Qa3+ Kc2 67.Qc5+ Kd2 68.Qf2+ Kd1 69.Qd4+ Ke2 70.Qf2+ Kd1
71.Qd4+ Ke2 72.Qb2+ Kd1 73.f4 Nd3 74.Qb1+ Kd2 75.Qa2+ Ke3 76.Qa7+ Ke2 77.Qa2+ Ke3
78.Qa7+ Ke2 79.h5 gxh5 80.Qa2+ Ke3 81.Qa7+ Ke2 82.Qa2+  1/2-1/2

[Event "FIDE World Cup 2011"]
[Site "Khanty-Mansiysk RUS"]
[Date "2011.08.29"]
[Round "1.2"]
[White "Polgar,Ju"]
[Black "Corrales Jimenez,F"]
[Result "1-0"]
[WhiteElo "2699"]
[BlackElo "2585"]

1.e4 c5 2.Nf3 e6 3.d4 cxd4 4.Nxd4 a6 5.Nc3 Qc7 6.Bd3 Nf6 7.O-O Nc6 8.Nxc6 bxc6
9.f4 d5 10.Kh1 Be7 11.b3 O-O 12.Bb2 Rd8 13.Qe2 d4 14.Nb1 e5 15.f5 a5 16.a4 Bb4
17.Na3 Bxa3 18.Bxa3 c5 19.g4 Ne8 20.h4 Nd6 21.f6 g6 22.h5 g5 23.Qh2 Re8 24.h6 Kh8
25.Rae1 Bd7 26.Qg3 Re6 27.Kg1 Rg8 28.Rf2 Ree8 29.Ref1 Qc6 30.Re1 c4 31.bxc4 Nxc4
32.Be7 Ne3 33.Rb1 Qxa4 34.Re2 Qa2 35.c4 Qa4 36.Qxe5 Bxg4 37.Rd2 Qd7 38.c5 Bh5
39.Qg3 Rc8 40.Ba6 Rc7 41.Bd6 Ra7 42.Rxd4 Nc2 43.Rd2 Qe6 44.Rb8 Rxb8 45.Bxb8 Rd7
46.Ba7 Qg4 47.Qxg4 Bxg4 48.Rxc2 Rxa7 49.Rb2 Ra8 50.c6 a4 51.c7 Rg8 52.Bc4  1-0

[Event "FIDE World Cup 2011"]
[Site "Khanty-Mansiysk RUS"]
[Date "2011.08.31"]
[Round "2.1"]
[White "Polgar,Ju"]
[Black "Movsesian,S"]
[Result "1/2-1/2"]
[WhiteElo "2699"]
[BlackElo "2700"]

1.e4 c5 2.Nf3 e6 3.b3 d6 4.d4 Nf6 5.Bd3 cxd4 6.Nxd4 Nc6 7.Bb2 d5 8.exd5 Nxd4
9.Bxd4 Qxd5 10.O-O Bd7 11.Bc4 Qa5 12.Qe2 Be7 13.Nd2 O-O 14.Nf3 Rfd8 15.Rfd1 Be8
16.a3 Qc7 17.Be5 Rxd1+ 18.Rxd1 Qa5 19.Bb2 Rd8 20.b4 Rxd1+ 21.Qxd1 Qc7 22.Qd4 a5
23.Bd3 axb4 24.axb4 Qd6 25.b5 Qxd4 26.Bxd4 Nd7 27.Be4 Nc5 28.Bxc5 Bxc5 29.c4 b6
30.Bc6 Kf8 31.Ne5 Bd6 32.Nd7+  1/2-1/2

[Event "FIDE World Cup 2011"]
[Site "Khanty-Mansiysk RUS"]
[Date "2011.09.04"]
[Round "3.2"]
[White "Karjakin,Sergey"]
[Black "Polgar,Ju"]
[Result "1/2-1/2"]
[WhiteElo "2788"]
[BlackElo "2699"]

1.e4 e5 2.Nf3 Nc6 3.Bb5 a6 4.Ba4 Nf6 5.O-O Nxe4 6.d4 b5 7.Bb3 d5 8.dxe5 Be6
9.Nbd2 Be7 10.c3 O-O 11.Bc2 f5 12.Nb3 Qd7 13.Nbd4 Nxd4 14.Nxd4 c5 15.Nxe6 Qxe6
16.f3 Ng5 17.a4 Rad8 18.axb5 axb5 19.Ra7 Rd7 20.Rxd7 Qxd7 21.f4 Ne4 22.Bxe4 fxe4
23.f5 d4 24.f6 gxf6 25.Bh6 Rf7 26.cxd4 fxe5 27.Rxf7 Kxf7 28.Qh5+ Kg8 29.dxe5 c4
30.e6 Qa7+ 31.Kf1 Qa1+ 32.Kf2 Qxb2+ 33.Kg3 Qf6 34.Qe8+ Bf8 35.Bxf8 Qg5+ 36.Kh3 Qf5+
37.Kh4 Qf4+ 38.Kh3 Qf5+ 39.g4 Qxf8 40.Qd7 Qf3+ 41.Kh4 Qf6+ 42.g5 Qf4+ 43.Kh5 Qf3+
44.Kh4 Qf4+  1/2-1/2

[Event "FIDE World Cup 2011"]
[Site "Khanty-Mansiysk RUS"]
[Date "2011.09.06"]
[Round "4.1"]
[White "Polgar,Ju"]
[Black "Dominguez Perez,L"]
[Result "0-1"]
[WhiteElo "2699"]
[BlackElo "2719"]

1.e4 c5 2.Nf3 d6 3.d4 cxd4 4.Nxd4 Nf6 5.Nc3 a6 6.Be3 e5 7.Nf3 Be7 8.Bc4 O-O
9.O-O Qc7 10.Bb3 Be6 11.Qe2 Rc8 12.Rfd1 b5 13.Bg5 Nbd7 14.Rac1 b4 15.Nd5 Bxd5
16.Bxf6 Nxf6 17.exd5 Qd7 18.Bc4 Qa7 19.c3 bxc3 20.Rxc3 Bd8 21.Ng5 a5 22.Rf3 Qe7
23.b3 a4 24.Rh3 g6 25.Qc2 axb3 26.axb3 Bb6 27.Rf1 Ng4 28.Ne4 f5 29.Rg3 Nf6
30.Nxf6+ Qxf6 31.Rd3 Rc7 32.Qc3 Rca7 33.Rd2 Bd4 34.Qd3 Ra1 35.g3 Rxf1+ 36.Kxf1 Bc5
37.Kg2 e4 38.Qe2 Re8 39.f3 exf3+ 40.Qxf3 Re3 41.Qf1 Qe5 42.Qf4 Qe7 43.Ra2 Re1
44.b4 Be3 45.Qf3 Rg1+ 46.Kh3 Qg5  0-1

[Event "FIDE World Cup 2011"]
[Site "Khanty-Mansiysk RUS"]
[Date "2011.09.08"]
[Round "4.7"]
[White "Polgar,Ju"]
[Black "Dominguez Perez,L"]
[Result "1/2-1/2"]
[WhiteElo "2699"]
[BlackElo "2719"]

1.e4 c5 2.Nc3 d6 3.f4 Nc6 4.Nf3 g6 5.Bb5 Bd7 6.O-O Bg7 7.d3 a6 8.Bxc6 Bxc6
9.Qe1 Qd7 10.a4 Nh6 11.a5 f5 12.Nd5 Bxd5 13.exd5 Nf7 14.Rb1 O-O 15.b4 Rfe8
16.bxc5 dxc5 17.Qe6 Qxe6 18.dxe6 Nd8 19.Re1 Rc8 20.Bb2 Bh6 21.Be5 Rc6 22.d4 cxd4
23.Nxd4 Rc4 24.Red1 Bg7 25.Nf3 Rc5 26.Rd7 Bxe5 27.fxe5 Nxe6 28.Rbxb7 Kf7
29.Nd2 Rxc2 30.Ra7 Rc6 31.h4 Nc5 32.Rdc7 Rxc7 33.Rxc7 Ne6 34.Ra7 Nc5 35.Rc7 Ne6
36.Ra7 Rd8 37.Nc4 Rd4 38.Nd6+ Kf8 39.Nc8 Nc5 40.Rc7 Nb3 41.e6 Nxa5 42.Rxe7 Nc6
43.Rf7+ Ke8 44.Rxh7 Kd8 45.e7+ Kd7 46.Rg7 Rd3 47.Nb6+ Ke8 48.Nc8 Kd7 49.Nb6+ Ke8
50.Rg8+ Kxe7 51.Rxg6 Ne5 52.Rh6 Rd1+ 53.Kf2 Ng4+ 54.Ke2 Nxh6 55.Kxd1 a5 56.Ke2 Ke6
57.Ke3 Kf6 58.Kf4 Kg6  1/2-1/2

[Event "FIDE World Cup 2011"]
[Site "Khanty-Mansiysk RUS"]
[Date "2011.09.09"]
[Round "5.1"]
[White "Svidler,P"]
[Black "Polgar,Ju"]
[Result "1/2-1/2"]
[WhiteElo "2739"]
[BlackElo "2699"]

1.e4 c5 2.Nf3 Nc6 3.d4 cxd4 4.Nxd4 Qb6 5.Nb3 Nf6 6.Bd3 e6 7.O-O Be7 8.c4 d5
9.cxd5 exd5 10.Nc3 Be6 11.exd5 Nxd5 12.Nxd5 Bxd5 13.Be3 Qb4 14.Qc2 Bxg2 15.Kxg2 Qg4+
16.Kh1 Qf3+ 17.Kg1 Qg4+  1/2-1/2

[Event "FIDE World Cup 2011"]
[Site "Khanty-Mansiysk RUS"]
[Date "2011.09.10"]
[Round "5.2"]
[White "Polgar,Ju"]
[Black "Svidler,P"]
[Result "0-1"]
[WhiteElo "2699"]
[BlackElo "2739"]

1.e4 c5 2.Nf3 d6 3.d4 cxd4 4.Nxd4 Nf6 5.Nc3 a6 6.Be3 e6 7.f4 b5 8.Qf3 Bb7
9.Bd3 Nbd7 10.O-O Rc8 11.f5 e5 12.Nde2 Nc5 13.Rad1 b4 14.Nd5 Bxd5 15.Bxc5 Rxc5
16.exd5 Rxd5 17.Ng3 Rc5 18.Ne4 Nxe4 19.Bxe4 Be7 20.Bc6+ Kf8 21.Bd5 Bf6 22.Bb3 Qb6
23.Kh1 Ke7 24.Rd5 Qc6 25.Rfd1 Rxd5 26.Rxd5 Rc8 27.Qh5 h6 28.Ra5 Rf8 29.Qe2 Ra8
30.h3 Ra7 31.Qe3 Rc7 32.Rd5 Bg5 33.Qf3 Qb6 34.Rd1 Qc6 35.Qh5 Kf8 36.Rd5 e4
37.Qe2 e3 38.Rd4 a5 39.h4 Bf6 40.Rc4 Qa6 41.Qg4 Re7 42.Re4 Qf1+ 43.Kh2 Be5+
44.g3 Qf2+ 45.Kh3 Bxg3  0-1

[Event "European Blitz 2011"]
[Site "Warsaw POL"]
[Date "2011.12.16"]
[Round "5"]
[White "Fedorov,Alex"]
[Black "Polgar,Ju"]
[Result "1-0"]
[WhiteElo "2579"]
[BlackElo "2710"]

1.e4 c5 2.d3 Nc6 3.g3 g6 4.Bg2 Bg7 5.f4 h5 6.h3 e5 7.Nf3 exf4 8.Bxf4 Bxb2
9.Nbd2 Nge7 10.O-O d5 11.Rb1 Bg7 12.c4 dxc4 13.Nxc4 O-O 14.Bd6 b6 15.e5 Bb7
16.Ng5 Qe8 17.Ne4 Nd8 18.Nf6+ Bxf6 19.exf6 Nd5 20.Qd2 Kh7 21.Rbe1 Ne6 22.Re5 Rh8
23.Bxd5 Bxd5 24.Rxd5 Qc6 25.Qg2 Rac8 26.Ne5 Qb7 27.Be7 c4 28.dxc4 b5 29.c5 Kg8
30.Rd7 Qa6 31.Bd6 Rh7 32.Qd5 Qa3 33.Kg2 h4 34.Nxf7 Rxf7 35.Qxe6 Rf8 36.Rxf7  1-0

[Event "Gibraltar Open"]
[Site "Caleta ENG"]
[Date "2012.01.26"]
[Round "3.5"]
[White "Howell,D"]
[Black "Polgar,Ju"]
[Result "1/2-1/2"]
[WhiteElo "2603"]
[BlackElo "2710"]

1.e4 c6 2.d4 d5 3.Nc3 dxe4 4.Nxe4 Nf6 5.Nxf6+ gxf6 6.Nf3 Bf5 7.Bd3 Bg6 8.Bf4 e6
9.O-O Bg7 10.Qe2 O-O 11.Rad1 Re8 12.Bg3 Nd7 13.Rfe1 Qa5 14.Nd2 Nb6 15.c4 Qh5
16.Bxg6 hxg6 17.Qxh5 gxh5 18.b3 f5 19.Nf3 Rad8 20.Kf1 Bf6 21.Bf4 Nd7 22.Re3 Kg7
23.Bc7 Rc8 24.Bd6 Be7 25.Bg3 Bf6 26.Bd6 Be7 27.Bg3 Bf6 28.Red3 Nf8 29.h3 Ng6
30.Bh2 Red8 31.Ke2 f4 32.g3 fxg3 33.fxg3 Be7 34.Ne5 b5 35.Bg1 Bd6 36.Nxg6 Kxg6
37.Rc1 a5 38.Bf2 f5 39.Rdc3 b4 40.Rf3 a4 41.c5 Bc7 42.Rc4 axb3 43.axb3 Rb8
44.Be1 Rb5 45.Rd3 Rdb8 46.Kf3 Kf6 47.Rd1 Ra8 48.Rc2 Kf7 49.Ke2 Rg8 50.Rd3 Ra8
51.Rf3 Rd8 52.Bf2 Kg6 53.Re3 Kf7 54.Rf3 Kg6 55.Ra2 Ra5 56.Rxa5 Bxa5 57.Re3 Kf7
58.Kd3 Bc7 59.Kc4 Ra8 60.Rf3 Ke7 61.g4 f4 62.Bh4+ Kf7 63.gxh5 e5 64.dxe5 Bxe5
65.Kxb4 Ke6 66.Rf1 Rh8 67.Bg5 Kf5 68.Be7 Rxh5 69.h4 Rh7 70.Bd6 Rxh4 71.Ka5 Rh3
72.Kb6 Rxb3+ 73.Kxc6 f3 74.Kd7 Rd3 75.Kc7 Kf4 76.Re1 Bxd6+ 77.cxd6 f2 78.Rf1 Kf3
79.d7 Ke2 80.Rxf2+ Kxf2 81.d8=R Rxd8 82.Kxd8  1/2-1/2

[Event "Gibraltar Open"]
[Site "Caleta ENG"]
[Date "2012.01.27"]
[Round "4.4"]
[White "Polgar,Ju"]
[Black "Koneru,H"]
[Result "1/2-1/2"]
[WhiteElo "2710"]
[BlackElo "2589"]

1.e4 e5 2.Nf3 Nc6 3.Bb5 a6 4.Ba4 Nf6 5.O-O Nxe4 6.d4 b5 7.Bb3 d5 8.dxe5 Be6
9.Be3 Be7 10.Nbd2 O-O 11.c3 Qd7 12.Bc2 f5 13.exf6 Nxf6 14.Bg5 Bd6 15.a4 b4
16.a5 bxc3 17.bxc3 Qf7 18.Re1 h6 19.Bh4 Ng4 20.Bg3 Bxg3 21.hxg3 Bf5 22.Ba4 Nxa5
23.Ne5 Nxe5 24.Rxe5 Rad8 25.Qe2 Qf6 26.Re1 Kh8 27.g4 Be4 28.Rh5 Bg6 29.Re5 Be4
30.Rh5 Bg6 31.Re5 Be4  1/2-1/2

[Event "Gibraltar Open"]
[Site "Caleta ENG"]
[Date "2012.01.29"]
[Round "6.5"]
[White "Polgar,Ju"]
[Black "Felgaer,R"]
[Result "1/2-1/2"]
[WhiteElo "2710"]
[BlackElo "2571"]

1.e4 c5 2.Nf3 d6 3.d4 cxd4 4.Nxd4 Nf6 5.f3 g6 6.c4 Nc6 7.Be3 Bg7 8.Qd2 O-O
9.Nc3 Nxd4 10.Bxd4 Be6 11.Rc1 Qa5 12.Bd3 a6 13.Ne2 Qxd2+ 14.Kxd2 b5 15.cxb5 axb5
16.a3 Rfb8 17.Rc7 b4 18.Ba7 Rc8 19.Rhc1 bxa3 20.bxa3 Bh6+ 21.f4 Kf8 22.a4 Rxc7
23.Rxc7 Bc8 24.Bb6 e5 25.g3 d5 26.a5 Nxe4+ 27.Kc2 exf4 28.Nxf4 Bxf4 29.gxf4 Ba6
30.Bxa6 Rxa6 31.Rd7 Nf6 32.Rd6 Ke7 33.Rc6 Ra8 34.Bc5+ Ke8 35.Bb4 Nh5 36.f5 gxf5
37.Rh6 Nf4 38.Rxh7 Ra6 39.Kb3 Nd3 40.Rh3 Nxb4 41.Kxb4 Kd7 42.Kb5 Rf6 43.Rd3 Kc7
44.Rxd5 f4 45.Rd2 f3 46.Rf2 Rf5+ 47.Kb4 Kb7 48.h3 f6 49.Kc4 Rxa5 50.Rxf3 Rh5
51.Rxf6 Rxh3  1/2-1/2

[Event "Gibraltar Open"]
[Site "Caleta ENG"]
[Date "2012.02.01"]
[Round "9.10"]
[White "Kulaots,K"]
[Black "Polgar,Ju"]
[Result "1/2-1/2"]
[WhiteElo "2581"]
[BlackElo "2710"]

1.e4 c5 2.Nf3 Nc6 3.d4 cxd4 4.Nxd4 Nf6 5.Nc3 Qb6 6.Nb3 e6 7.Qe2 Qc7 8.g4 d6
9.h4 a6 10.g5 Nd7 11.h5 b5 12.f4 Nc5 13.Bg2 b4 14.Nd5 exd5 15.exd5+ Ne7 16.Nd4 Bd7
17.a3 Bb5 18.Nxb5 axb5 19.Qxb5+ Qd7 20.Qxb4 Nf5 21.O-O Be7 22.Qc3 O-O 23.b4 Na4
24.Qd3 Rac8 25.c4 Nb6 26.Bh3 g6 27.Be3 Nxc4 28.Bd4 Bd8 29.Rac1 Bb6 30.Rxc4 Rxc4
31.Bxb6 Qb5 32.Bf2 Rxb4 33.Bxf5 gxf5 34.Qxf5 Rb3 35.h6 Qd3 36.Qf6 Qc3 37.Qxd6 Qh3
38.Re1 Rc8 39.Qe5 Qg4+ 40.Kf1 Qh3+ 41.Kg1 Qg4+ 42.Kf1 Qh3+  1/2-1/2

[Event "XII Festival da Uva Open"]
[Site "Caxias do Sul BRA"]
[Date "2012.03.03"]
[Round "5"]
[White "Polgar,Ju"]
[Black "Mareco,S"]
[Result "1/2-1/2"]
[WhiteElo "2709"]
[BlackElo "2579"]

1.e4 c5 2.Nf3 d6 3.d4 cxd4 4.Nxd4 Nf6 5.Nc3 a6 6.Be3 e5 7.Nb3 Be7 8.Be2 Be6
9.Qd2 Nbd7 10.O-O O-O 11.a4 Nb6 12.a5 Nc4 13.Bxc4 Bxc4 14.Rfd1 h6 15.f3 Qc7
16.Qf2 Qc6 17.Ra4 Rad8 18.Bb6 Rc8 19.Nc1 d5 20.exd5 Bxd5 21.Nd3 e4 22.Nf4 Bc4
23.Qe3 Rfe8 24.Bd4 exf3 25.Qxf3 Qxf3 26.gxf3 Red8 27.Raa1 Kf8 28.Bb6 Rxd1+
29.Rxd1 g5 30.Nd3 Nd5 31.Nxd5 Bxd5 32.Ne5 Be6 33.c3 Ke8 34.Nd3 f6  1/2-1/2

[Event "XII Festival da Uva Open"]
[Site "Caxias do Sul BRA"]
[Date "2012.03.04"]
[Round "7"]
[White "Polgar,Ju"]
[Black "Bueno,Alfe"]
[Result "1/2-1/2"]
[WhiteElo "2709"]
[BlackElo "2291"]

1.e4 e6 2.d4 d5 3.Nd2 Nf6 4.e5 Nfd7 5.Bd3 c5 6.c3 Nc6 7.Ne2 cxd4 8.cxd4 f6
9.exf6 Nxf6 10.Nf3 Bd6 11.O-O O-O 12.Bg5 Qc7 13.Ng3 Bd7 14.Rc1 Rae8 15.Bb1 Bf4
16.Bxf4 Qxf4 17.Qd3 g6 18.a3 e5 19.dxe5 Nxe5 20.Nxe5 Rxe5 21.Rcd1 Rfe8 22.Qc3 Qc4
23.Qd2 Bb5 24.h3 Qb3 25.Bc2 Qc4 26.Rc1 Qh4 27.Rfe1 a6 28.Qc3 Qc4 29.Qf3 Qh4
30.Bb3 Bc6 31.Qc3 Nh5 32.Nxh5 Qxh5  1/2-1/2

[Event "Turkish Bank Chess League 2012"]
[Site "Konya TUR"]
[Date "2012.07.16"]
[Round "6"]
[White "Polgar,Ju"]
[Black "Ipatov,Alexander"]
[Result "1/2-1/2"]
[WhiteElo "2709"]
[BlackElo "2581"]

1.e4 c6 2.Nc3 d5 3.Nf3 a6 4.d4 Bg4 5.Be2 e6 6.O-O Nd7 7.h3 Bh5 8.a3 dxe4
9.Nxe4 Ngf6 10.Nxf6+ Nxf6 11.c4 Bd6 12.Ne5 Bxe5 13.dxe5 Qxd1 14.Bxd1 Bxd1
15.Rxd1 Nd7 16.f4 O-O-O 17.Be3 Kc7 18.b3 a5 19.c5 b6 20.b4 axb4 21.axb4 Ra8
22.Rac1 bxc5 23.Bxc5 Nxc5 24.bxc5 Ra2 25.Rd6 Rha8 26.Rcd1 Ra1 27.Rd7+ Kc8
28.Rd8+ Kc7 29.Rd7+ Kc8 30.Rd8+  1/2-1/2

[Event "40th Olympiad Open"]
[Site "Istanbul TUR"]
[Date "2012.08.29"]
[Round "2.27"]
[White "Polgar,Ju"]
[Black "Nedev,Tr"]
[Result "1/2-1/2"]
[WhiteElo "2698"]
[BlackElo "2494"]

1.e4 c5 2.Nf3 Nc6 3.d4 cxd4 4.Nxd4 Nf6 5.Nc3 e5 6.Ndb5 d6 7.Bg5 a6 8.Na3 b5
9.Nd5 Be7 10.Bxf6 Bxf6 11.c4 b4 12.Nc2 O-O 13.g3 Bg5 14.Bg2 Qa5 15.O-O Qc5
16.b3 a5 17.Qd3 Ra7 18.Kh1 f5 19.f4 Bh6 20.Rad1 g6 21.Nde3 exf4 22.gxf4 fxe4
23.Bxe4 Ne7 24.Nd5 Nxd5 25.Bxd5+ Kh8 26.Nd4 Re7 27.f5 Bxf5 28.Nxf5 gxf5 29.Rxf5 Qe3
30.Rxf8+ Bxf8 31.Qf5 Bg7 32.Rg1 h6 33.Qc8+ Re8 34.Qd7 Qe7 35.Qf5 Bd4 36.Rf1 Qg7
37.Qf3 Re5 38.Bf7 Rg5 39.Qa8+ Kh7 40.Qe4+ Kh8 41.Qe8+ Kh7 42.Qe1 h5 43.Bd5 Qe5
44.Qb1+ Kh6 45.Re1 Qf4 46.Rf1 Qe3 47.Re1 Qf4 48.Rf1 Qe3  1/2-1/2

[Event "40th Olympiad Open"]
[Site "Istanbul TUR"]
[Date "2012.09.05"]
[Round "8.5"]
[White "Fridman,D"]
[Black "Polgar,Ju"]
[Result "1/2-1/2"]
[WhiteElo "2653"]
[BlackElo "2698"]

1.d4 Nf6 2.Nf3 e6 3.c4 b6 4.g3 Ba6 5.Qa4 Bb7 6.Bg2 c5 7.dxc5 Bxc5 8.O-O O-O
9.Nc3 Be7 10.Rd1 Na6 11.Bf4 Nc5 12.Qc2 Qc8 13.Rd4 d5 14.Rc1 Nce4 15.Nxe4 dxe4
16.Ne5 h6 17.Rcd1 Bc5 18.R4d2 Bb4 19.Rd4 Bc5 20.R4d2 Bb4 21.Rd4  1/2-1/2

[Event "Geneva Masters GpA 2013"]
[Site "Geneva SUI"]
[Date "2013.06.27"]
[Round "2.1"]
[White "Polgar,Ju"]
[Black "Kramnik,V"]
[Result "1/2-1/2"]
[WhiteElo "2696"]
[BlackElo "2803"]

1.e4 e5 2.Nf3 Nc6 3.Bb5 Nf6 4.O-O Nxe4 5.d4 Nd6 6.Bxc6 dxc6 7.dxe5 Nf5 8.Qxd8+ Kxd8
9.Nc3 Bd7 10.Ne2 Be7 11.h3 h5 12.Rd1 Ke8 13.Bg5 c5 14.Nf4 Bc6 15.Nd5 Bxg5
16.Nxg5 Rd8 17.Nf4 Rd4 18.Rxd4 cxd4 19.Rd1 h4 20.c3 dxc3 21.bxc3 Rg8 22.e6 f6
23.Nf7 Nd6 24.Nxd6+ cxd6 25.Ng6 Be4 26.Nxh4 g5 27.Rd4 d5 28.Nf3 Bxf3 29.gxf3 Ke7
30.Rxd5 Kxe6 31.Rd3 Rc8 32.f4 gxf4 33.Kg2 Kf5 34.Rd7 Rxc3 35.Rxb7 Ra3 36.Rb5+ Kg6
37.Rb4 Kg5 38.Rb2 a5 39.Rc2 f5 40.Rd2 a4 41.Rc2 Rd3 42.Rc4 a3 43.Ra4 Rc3
44.Kh2 Rc2 45.Kg2 Rxa2 46.Kf3 Ra1 47.h4+ Kxh4 48.Kxf4 Kh3 49.Kxf5 Kg2 50.f4 Kf3
51.Kf6 Ke3 52.f5 a2 53.Ke6 Kd3 54.f6 Re1+ 55.Kd7 a1=Q 56.Rxa1 Rxa1 57.f7 Rf1
58.Ke7 Kc4 59.f8=Q Rxf8 60.Kxf8  1/2-1/2

[Event "Geneva Masters GpA 2013"]
[Site "Geneva SUI"]
[Date "2013.06.27"]
[Round "2.2"]
[White "Kramnik,V"]
[Black "Polgar,Ju"]
[Result "1-0"]
[WhiteElo "2803"]
[BlackElo "2696"]

1.c4 c5 2.Nf3 Nf6 3.Nc3 Nc6 4.e3 e6 5.d4 d5 6.cxd5 exd5 7.Bb5 Bd6 8.dxc5 Bxc5
9.O-O O-O 10.b3 Bd6 11.Bb2 Bg4 12.Be2 a6 13.Nd4 Bd7 14.Bf3 Be6 15.Nxc6 bxc6
16.Rc1 Rc8 17.Na4 c5 18.Qe2 c4 19.g3 Qa5 20.Bc3 Qb5 21.Bxf6 gxf6 22.Nc3 Qa5
23.bxc4 dxc4 24.Rfd1 Ba3 25.Rc2 Rfd8 26.Bd5 Bb4 27.Bxe6 fxe6 28.Ne4 f5 29.Nf6+ Kf7
30.Nd7 Kg6 31.Rxc4 Qb5 32.a4 Qxa4 33.Rcd4 Qa5 34.Ne5+ Kf6 35.Qh5 Rxd4 36.exd4 Qc7
37.Qh6+ Ke7 38.Qh4+ Kd6 39.d5 Kxe5 40.Qxb4 Kf6 41.Qh4+ Kg6 42.dxe6 Qc2 43.Qd4 Qe2
44.Qd7 Rc7 45.Qe8+ Kf6 46.Qf8+ Kg6 47.Qd6 Rc2 48.e7+ Kf7 49.Qd5+ Kg6 50.Qg8+ Kf6
51.Qf8+ Kg5 52.Qg7+ Kh5 53.Qxh7+ Kg5 54.Qg8+ Kf6 55.Rd6+ Kxe7 56.Qd8+ Kf7
57.Rf6+  1-0